Lịch sử Việt Nam
Sách gồm 3 chương: Từng bước khắc phục khủng hoảng kinh tế - xã hội trong những năm đầu đổi mới đất nước (1986-1990), phát triển kinh tế - xã hội, đẩy mạnh công nghiệp hóa, hiện đại hóa đất nước (1996-2000)....
Сохранить в:
| Корпоративные авторы: | , |
|---|---|
| Формат: | |
| Язык: | Undetermined |
| Опубликовано: |
Hà Nội
Khoa học - Xã hội
2017
|
| Предметы: | |
| Метки: |
Добавить метку
Нет меток, Требуется 1-ая метка записи!
|
| Thư viện lưu trữ: | Trung tâm Học liệu Trường Đại học Cần Thơ |
|---|
| LEADER | 01053nam a2200229Ia 4500 | ||
|---|---|---|---|
| 001 | CTU_224698 | ||
| 008 | 210402s9999 xx 000 0 und d | ||
| 020 | |c 320000 | ||
| 082 | |a 959.7 | ||
| 082 | |b V305/T.15 | ||
| 110 | |a Viện Hàn lâm Khoa học Xã hội Việt Nam | ||
| 110 | |b Viện Sử học | ||
| 245 | 0 | |a Lịch sử Việt Nam | |
| 245 | 0 | |c Nguyễn Ngọc Mão (Chủ biên), Lê Trung Dũng, Nguyễn Thị Hồng Vân | |
| 260 | |a Hà Nội | ||
| 260 | |b Khoa học - Xã hội | ||
| 260 | |c 2017 | ||
| 520 | |a Sách gồm 3 chương: Từng bước khắc phục khủng hoảng kinh tế - xã hội trong những năm đầu đổi mới đất nước (1986-1990), phát triển kinh tế - xã hội, đẩy mạnh công nghiệp hóa, hiện đại hóa đất nước (1996-2000). | ||
| 650 | |a Việt Nam,Vietnam | ||
| 650 | |x Lịch sử,History | ||
| 910 | |a Hải | ||
| 980 | |a Trung tâm Học liệu Trường Đại học Cần Thơ | ||